Design of reinforced masonry structures / (Record no. 8333)

MARC details
000 -LEADER
fixed length control field 00674nac a22002051u 4500
010 ## - LIBRARY OF CONGRESS CONTROL NUMBER
LC control number 00041131
020 ## - INTERNATIONAL STANDARD BOOK NUMBER
International Standard Book Number 0071488596 :
082 00 - DEWEY DECIMAL CLASSIFICATION NUMBER
Classification number 693.1
Item number TAL
090 ## - LOCALLY ASSIGNED LC-TYPE CALL NUMBER (OCLC); LOCAL CALL NUMBER (OCLC)
-- 8333
-- 8333
100 ## - MAIN ENTRY--PERSONAL NAME
Personal name Taly, Narendra.
245 10 - TITLE STATEMENT
Title Design of reinforced masonry structures /
Statement of responsibility, etc Narendra Taly.
260 ## - PUBLICATION, DISTRIBUTION, ETC. (IMPRINT)
Place of publication, distribution, etc London :
Name of publisher, distributor, etc McGraw Hill,2001
Date of publication, distribution, etc c2001.
300 ## - PHYSICAL DESCRIPTION
Extent 1 v. (various pagings) :
Other physical details ill. ;
Dimensions 24 cm.
500 ## - GENERAL NOTE
General note Distributer: Al-Ahram
504 ## - BIBLIOGRAPHY, ETC. NOTE
Bibliography, etc Includes bibliographical references and index.
511 ## - PARTICIPANT OR PERFORMER NOTE
Participant or performer note Catalogued by: Sara
650 #0 - SUBJECT ADDED ENTRY--TOPICAL TERM
Topical term or geographic name as entry element Reinforced concrete construction.
650 #0 - SUBJECT ADDED ENTRY--TOPICAL TERM
Topical term or geographic name as entry element Building, Brick.
942 ## - ADDED ENTRY ELEMENTS (KOHA)
Item type Book - Borrowing
Call number prefix 693.1TAL
Holdings
Withdrawn status Item status Damaged status Not for loan Home library Current library Shelving location Date acquired Source of acquisition Total Checkouts Full call number Barcode Date last seen Date last borrowed Koha item type
        Central Library Central Library First floor 03/03/2008 Purchase 2 693.1TAL 000010130 15/07/2025 16/11/2014 Book - Borrowing